000 00623nam a2200205Ia 4500
003 GCL
008 140319s9999 xx 000 0 ara d
040 _aGCL /
_cGCL
082 0 4 _a896
_bش ق
100 1 _aشرابيز، اليق
245 1 0 _aقصة ضيعة افريقية /
_cشرابيز، اليق
700 1 _aامين محمد سلامة
700 1 _aمصطفى حبيب
300 _a258 ص
490 _aالالف كتاب
_v0
650 0 4 _aالادب العالمى المترجم
650 0 4 _aالقصص الافريقية
650 0 4 _aالادب الافريقى المترجم
942 _2ddc
_cBK
999 _c44907
_d44907